[Event "WchT 12th"]
[Site "Astana"]
[Date "2019.03.12"]
[Round "7.5"]
[White "Naiditsch, Arkadij"]
[Black "Adhiban, Baskaran"]
[Result "1/2-1/2"]
[WhiteElo "2710"]
[BlackElo "2683"]
[Annotator "Adhiban,B"]
[PlyCount "109"]
[EventDate "2019.03.05"]
[EventType "team-tourn"]
[EventRounds "9"]
[EventCountry "KAZ"]
[SourceTitle "CBM 189"]
[Source "ChessBase"]
[SourceDate "2019.04.29"]
[SourceVersion "1"]
[SourceVersionDate "2019.04.29"]
[SourceQuality "1"]
[WhiteTeam "Azerbaijan"]
[BlackTeam "India"]
[WhiteTeamCountry "AZE"]
[BlackTeamCountry "IND"]

{Arkadij was having a great tournament and had lost only one game against Nils
in the event.} 1. e4 e5 2. Nf3 Nc6 3. Bb5 a6 4. Bxc6 dxc6 5. O-O {Possibly
this was the weapon for the Azerbaijani team for this event.} ({Earlier I had
tried} 5. Nc3 f6 6. d4 exd4 7. Qxd4 Qxd4 8. Nxd4 Bd7 9. Be3 O-O-O 10. O-O-O Ne7
{Black had no complaints and went on to win in (AD-Nakamura World Cup 2013)})
5... Qf6 6. d4 exd4 7. Bg5 Qd6 8. Nxd4 Bd7 ({In the same event another game
followed} 8... Be7 9. Bxe7 (9. Be3 Nh6 10. Qd2 g5 $5 {An impressive display by
the challenger.} 11. Nf3 Rg8 12. h4 Qg6 13. hxg5 Ng4 14. Nc3 h6 15. Bf4 Be6 16.
Bxc7 Rc8 17. Bb6 hxg5 18. Ne2 c5 19. Ng3 Rh8 20. Rfd1 Qh6 21. b4 cxb4 22. Bd4
f6 23. c3 bxc3 24. Bxc3 Kf7 25. Rac1 Rc4 26. Bd4 b5 27. Qa5 Nh2 28. Qxa6 Nxf3+
29. gxf3 g4 30. f4 Qxf4 31. Rxc4 bxc4 32. Be3 Qf3 33. Rd6 Rh3 34. Rxe6 Rxg3+
35. fxg3 Qxe3+ 36. Kh2 Qf2+ 37. Kh1 Qf1+ {0-1 (37) Meier,G (2648)-Caruana,F 
(2784) Karlsruhe/Baden Baden GER 2018}) 9... Nxe7 10. Nc3 Bd7 11. Nde2 O-O-O
12. Qc1 Rhe8 13. Qe3 Kb8 14. Rad1 Qe5 15. Qf4 Qxf4 16. Nxf4 g6 17. f3 {with a
long manoeuvring struggle which ended in a victory for Black as White ended up
overpushing (Guseinov-Yu Yangyi, Astana 2019)}) 9. Nc3 Ne7 (9... Be7 10. Bxe7
Nxe7 {would transpose to the earlier mentioned line.}) 10. Be3 ({Once again I
was fighting for the honour of White with} 10. Bh4 O-O-O 11. Bg3 Qf6 {Here I
uncorked the sexy} 12. Qh5 $5 {, only to be met by} Qxd4 {immediately under
the pretence that I had blundered... (Later on it was concluded to be the
easiest way for Black :))} 13. Qa5 Qb6 14. Qxb6 cxb6 15. Na4 {was my beautiful
point and now Black is forced into} Nd5 16. exd5 Bc5 17. d6 ({Another high
profile game contined} 17. Rad1 Rhe8 18. Nxc5 bxc5 19. f3 Re2 20. dxc6 Bxc6 21.
Rxd8+ Kxd8 22. Rf2 Re1+ {(Guseinov-Ding Liren World Cup 2015)}) 17... Bf5 {
with a drawn opposite coloured bishop endgame in AD-Sethu, Asians 2008.}) 10...
c5 (10... O-O-O 11. Qe2 {looks preferable for White.}) 11. Nde2 $5 {White
prefers to keep the knight placement flexible and also prepared Nf4-d5 in the
future.} ({Previously my opponent had tried} 11. Nb3 Qxd1 12. Rfxd1 b6 13. a4
O-O-O (13... a5 {was what I would have probably gone for if he had repeated
this line.} 14. Nb5 O-O-O {looked slightly worse but perfectly playable.}) 14.
a5 c4 $1 15. Nd4 b5 {was fine for Black in Naiditsch-Efimenko 2015.}) 11...
Qxd1 12. Rfxd1 Ng6 {Fighting against the above mentioned plan.} (12... b6 13.
a4 $5 (13. Rd2 O-O-O 14. Rad1 h6 $1 {preparing g5.} 15. Nf4 (15. f4 {is too
weakening and strongly met by} g6 $15 {[%cal Gf8g7]}) 15... Nc6 16. Nfd5 Be6
17. Bf4 Rd7 {holding the fort.}) 13... Ng6 14. a5 b5 15. h4 $5 Be6 $132 {
[%cal Gg6e5,Ge5c4] White can't really stop Black from castling long.} (15...
Nxh4 {is bad due to} 16. Nd5 $16) (15... O-O-O 16. h5 Ne5 17. Rd5 Nc4 18. Bxc5
Nxb2 {might also hold.})) 13. Rd5 $5 {Vintage Arkadij!} (13. Rd2 O-O-O 14. Rad1
Bd6 15. Nd5 Bc6 {with an equal endgame.} (15... Be6 {is also fine.})) 13... Bc6
14. Rh5 O-O-O {Somehow this felt like a good team event move :).} ({I should
have continued} 14... b6 15. Rd1 Bd6 {with the better position.}) 15. Bxc5 Bxc5
16. Rxc5 Rd2 17. Rc1 Bxe4 18. Nxe4 Rxe2 19. Nd6+ Kb8 20. Nf5 (20. Nxf7 Rf8 (
20... Rhe8 21. g3 h6 {[%csl Rf7]}) 21. Kf1 Rd2 22. Ke1 b6 $1 {A nice detail
kicking the rook off the 5th rank making sure the knight has no return!} 23.
Kxd2 bxc5 24. Ng5 Rxf2+ 25. Kc3 Nf4 {White has to be precise to draw this
endgame due to Black's activity.}) 20... Nf4 $6 {Creating unnecessary problems.
} ({After the game my young friend but at the same time inexperienced...as a
team coach :) asked me why I rejected the simple} 20... Rd8 $1 {To which I had
no reply...} 21. Ne3 (21. Nxg7 Rdd2) 21... Red2 {with equality.}) 21. Kf1 (21.
Nxg7 Rd8 (21... Rg8 22. Kf1 $1 (22. Rg5 h6) (22. Rc4 Nxg2 23. Kxg2 Rxg7+ 24.
Kf3 Rd2 $11) 22... Rxg7 23. Rc4 Nd3 24. cxd3 Rxb2 25. Rxc7 Rxa2 {with a
balanced endgame despite White's extra pawn.}) 22. Rc4 Ng6 $11 {followed by
Rd2.}) 21... Rd2 (21... Ne6 {was safer.} 22. Rd5 Re4 23. Rcd1 {is pleasant for
White but not terrible for Black.} (23. Rd7 g6 $11)) 22. Nxg7 Rg8 (22... Rhd8
23. Re5 Rd1+ 24. Rxd1 Rxd1+ 25. Re1 Rxe1+ 26. Kxe1 Nxg2+ 27. Ke2 $14 {Black
has to be careful as knight endgames are very similar to pawn endgames!}) (
22... Ne2 23. Re1 Nd4 24. Nf5 $14) 23. Rc4 (23. Rf5 Ne2 24. Re1 Rxg7 (24... Nd4
25. Rxf7 Nxc2 26. Rc1 $16) 25. Rxe2 Rd1+ 26. Re1 Rxe1+ 27. Kxe1 Rxg2 28. Rh5
Rg7 {I thought was holding easily.}) 23... Ne2 24. Re1 Rxg7 {I thought this
was the right way but the following endgame turned to be trickier than I had
expected.} (24... Nd4 25. Nh5 Nxc2 26. Rc1 Ne3+ $1 {An important detail which
I didn't see} 27. fxe3 Rgxg2 28. Nf4 Rdf2+ 29. Ke1 Rxh2 {Though even now I am
not sure if this is complete equality.}) 25. Rxe2 Rd1+ 26. Re1 Rxe1+ 27. Kxe1
Rxg2 28. Rh4 Rg7 {I thought there was no difference between the rook being on
4th or 5th rank but how wrong I was :).} 29. Ke2 Kc8 30. Kf3 Kd7 $2 {A
careless move which should have cost me the game!} ({The only way was} 30... f6
31. Rh6 Rf7 32. Kf4 Rd7 $1 {Active defence.} (32... Kd8) (32... Kd7 33. Kf5)
33. Ke3 Rf7 {and White still has to find a way to get something real.}) 31. Rg4
$1 {I was ready for the rook endgame but not the pawn endgame!} Rg6 (31... Rxg4
32. Kxg4 Ke6 33. Kg5 {is hopeless.}) 32. Rxg6 fxg6 {The only chance} (32...
hxg6 33. Kg4 f6 34. f4 $1 {and the threat of f5 will be disastrous.}) 33. Kf4
Ke6 (33... h6 34. Ke5 Ke7 35. f4 $18 {The king is way too advanced and hence a
easy victory.}) 34. Kg5 Kf7 35. Kh6 Kg8 36. c4 $6 {Surprisingly after this
White doesn't have a win anymore. One mistake was all it took!} (36. b4 $5 b5
37. f4 Kh8 38. f5 gxf5 39. Kg5 Kg7 40. Kxf5 Kf7 41. Ke5 Ke7 42. Kd5 Kd7 43. h4
$18) (36. a4 {was also winning} Kh8 37. a5 Kg8 38. b4 Kh8 39. c4 Kg8 40. b5 Kh8
41. f4 Kg8 42. c5 c6 43. bxc6 bxc6 44. f5 gxf5 45. Kg5 f4 46. Kxf4 Kf8 47. Kf5
Kf7 48. h4 $18 {Black can't keep the opposition.}) 36... a5 $1 {I seized my
chance and was hoping to exchange a pair of pawns.} 37. b3 Kh8 {Around here I
confidently smiled at Gangs who had finished his game... After all whatever
happens from now on wasn't in my control! My moves were pretty forced as I
can't really touch the c- and b-pawns as that would allow his king to
breakthrough on the queenside.} 38. c5 Kg8 39. a3 Kh8 {Happy to keep making
these moves :).} 40. b4 (40. a4 Kg8 41. h3 Kh8 42. c6 b6 $1 {and White still
can't breakthrough.} (42... bxc6 43. b4 $18)) 40... axb4 41. axb4 Kg8 42. f4 (
42. f3 Kh8 43. f4 Kg8 44. b5 Kh8 45. f5 gxf5 46. Kg5 Kg7 47. Kxf5 Kf7 48. h4
Ke7 49. Kg5 Kf7 {Time to return :).} 50. Kh6 Kg8 51. h5 Kh8 52. Kg5 Kg7 $11)
42... Kh8 43. b5 Kg8 44. h3 Kh8 45. f5 (45. h4 Kg8) 45... gxf5 46. Kg5 Kg7 47.
Kxf5 Kf7 48. Ke5 Ke7 49. h4 b6 $1 {Forcing some questions.} 50. Kd5 (50. cxb6
cxb6 51. h5 (51. Kf5 Kd6 $11) 51... h6 {Complete Opposition!}) 50... bxc5 51.
Kxc5 h5 52. Kc6 Kd8 53. Kd5 Kc8 54. Kc6 Kb8 55. b6 {An epic save which almost
won us the match...} 1/2-1/2

[Event "Grenke Chess Classic 1st"]
[Site "Baden-Baden"]
[Date "2013.02.15"]
[Round "8"]
[White "Naiditsch, Arkadij"]
[Black "Caruana, Fabiano"]
[Result "0-1"]
[WhiteElo "2716"]
[BlackElo "2757"]
[Annotator "Andreikin,D"]
[PlyCount "98"]
[EventDate "2013.02.07"]
[EventType "tourn"]
[EventRounds "10"]
[EventCountry "GER"]
[EventCategory "19"]
[SourceTitle "CBM 153"]
[Source "ChessBase"]
[SourceDate "2013.03.14"]
[SourceVersion "1"]
[SourceVersionDate "2013.03.14"]
[SourceQuality "1"]

1. e4 e5 2. Nf3 Nc6 {Caruana applied this opening in his first chess years.
Now, the Spanish system is a good weapon in the top tournaments.} 3. Bb5 a6 4.
Bxc6 {I prefer this move too. Here we get positional play without forced lines.
} dxc6 5. O-O Qf6 {This move is popular in recent years. Black has many other
good moves:} (5... f6 6. d4 Bg4 7. c3 exd4 8. cxd4 Qd7 9. Be3 f5 10. Qb3 Bxf3
11. Qxb7 Rd8 12. gxf3 fxe4 13. Rc1 exf3 14. Qxc6 Bd6 15. Nd2 Qxc6 16. Rxc6 Ne7
17. Rxa6 O-O 18. Ne4 Bf4 19. Re6 Nd5 20. Nc3 Rf5 21. Nxd5 Rdxd5 22. Bxf4 Rxf4
23. Re3 Rg5+ 24. Kh1 Rh5 25. Rae1 Rfh4 26. Re8+ Kf7 27. R8e7+ Kf8 28. Re8+ Kf7
29. R8e7+ {1/2 Andreikin,D (2705)-Morozevich,A (2737)/Saratov 2011/CBM 145}) 6.
d4 exd4 7. Bg5 Qd6 {The queen move early in the game does not spoil the black
position. The bishop on g5 is usually located badly.} 8. Nxd4 {If White is
looking for simple play, the queen should take the pawn.} (8. Qxd4 Qxd4 9. Nxd4
Bd7 10. Nc3 f6 11. Be3 O-O-O 12. Rad1 Re8 13. Rd2 Ne7 14. Rfd1 Ng6 15. Nde2 Ne5
16. h3 Bb4 17. b3 Be6 18. Ra1 Ba3 19. Rf1 Bb4 20. Ra1 Ba3 21. Rf1 Bb4 22. Ra1 {
1/2 Andreikin,D (2715)-Karjakin,S (2785)/Moscow 2012/CBM 150}) 8... Be7 $1 {
The black bishop quickly comes into play.} 9. Be3 $5 {This move keeps the
tension. A few years ago, Naiditsch prefered to go into an endgame:} (9. Bxe7
Nxe7 10. Nc3 Bd7 11. Nb3 Qxd1 12. Raxd1 b6 13. Nc1 O-O-O 14. b4 Be6 15. f3 Rd6
16. Kf2 Rhd8 17. Ke3 Bc4 18. Nd3 Re6 19. Rfe1 Nd5+ 20. Nxd5 cxd5 21. Nf4 Red6
22. e5 Rh6 23. a3 Rxh2 24. Rh1 Rxh1 25. Rxh1 d4+ 26. Ke4 h6 27. Rd1 c5 28. bxc5
bxc5 29. Nd3 Bxd3+ 30. cxd3 Kc7 31. Rb1 Kc6 32. f4 g6 33. g4 c4 {1/2 Naiditsch,
A (2685)-Grandelius,N (2525)/Stockholm 2010/CBM 140 Extra}) 9... Nf6 10. f3 O-O
11. Nd2 c5 $5 $146 (11... Be6 12. N2b3 Rfd8 13. Qe2 Qe5 14. Nxe6 fxe6 15. c3
Qb5 16. Qc2 c5 17. a4 Qb6 18. Nd2 Qc6 19. Nc4 b6 20. Qe2 Qd7 21. Bf4 b5 22.
Rfd1 Qc6 23. Ne5 Qb7 24. axb5 axb5 25. Rxa8 Rxa8 26. c4 c6 27. g4 Rd8 28. Rxd8+
Bxd8 29. Qd3 Bc7 30. g5 Bxe5 31. Bxe5 Nd7 32. Bg3 bxc4 33. Qxc4 Kf7 34. Qd3 c4
35. Qxc4 Qxb2 36. Qxc6 Qb6+ 37. Qxb6 Nxb6 38. Kf2 Kg6 39. Bf4 Nd7 40. Be3 Ne5
41. Kg3 Kf7 42. Bd4 Nc6 43. Bc3 g6 44. Kf4 Ke7 45. h4 Kd6 46. Kg4 Ke7 47. h5 e5
48. h6 Kd6 49. Kg3 Nd8 50. Bb4+ Kd7 51. Kg4 Ke6 52. Bf8 Nf7 53. Bg7 Kd6 54. Bf6
Ke6 55. Kg3 Nd6 56. Kf2 Ne8 57. Bh8 Nc7 58. Ke3 Kd6 59. Kd3 Ne6 60. Bf6 Nf4+
61. Ke3 Ne6 62. Kd3 {1/2 Huschenbeth,N (2459)-Heimann,A (2471)/Rosenheim 2010/
CBM 138 Extra}) 12. Nc4 $1 {A very useful move. Now White has a small, but
stable advantage.} (12. Ne2 $6 Rd8 $11) 12... Qd8 (12... Qd7 $6 13. Nf5 $14)
13. Ne2 Qe8 {Caruana don't want to go into a slightly worse ending. White's
idea was associated with the transfer of the knight to a5.} (13... Be6 $6 14.
Qxd8 Rfxd8 15. Na5 $1 Rab8 16. Nf4 Nd7 17. Nxe6 fxe6 18. Rad1 $16) 14. Bf4 $5 {
An interesting move in Naiditsch's style. White prepares the transfer of the
c4-knight to the kingside for creating an attack. Also White had the
opportunity to play positionally:} (14. Nf4 $5 {/\e4-e5} b5 $5 (14... Be6 15.
Nxe6 fxe6 16. Qe2 $14) 15. Na5 Bd6 16. Qd2 Nd7 17. Nd5 Qe6 18. Rad1 Re8 19.
Rfe1 f6 20. Qf2 Qf7 21. c4 $36) 14... b5 $6 {Caruana pushes the white knight
in the right direction.} (14... Be6 $5 15. Ne3 Rd8 16. Qe1 Qc6 17. Ng3 c4 18.
Kh1 g6 19. Qc3 $36) 15. Ne3 c4 {This move seems good, but it leads to
potential problems. Black can play more reliably:} (15... Qc6 16. c4 $1 Rd8 17.
Qc2 Be6 18. Nd5 Bxd5 19. cxd5 Qb6 20. Kh1 Nd7 21. Rad1 Bd6 22. Be3 c6 $14) 16.
Kh1 $1 {An important preventive move. Now White easily can transfer his pieces
into the attack.} Qc6 {Of course such a move is not pleasant, but the black
queen is obliged to join the game.} 17. Nd4 Qb6 18. Ndf5 {White completed his
plan to transfer the knight. Now it is necessary to connect the queen.} Bc5 19.
Qe1 $1 $40 g6 $2 {In a bad position Caruana starts complications.} ({After} 
19... Bxf5 20. Nxf5 Nh5 21. Bd2 Rfd8 {the black position is tenable. This is a
possible continuation:} 22. a4 $5 b4 23. Rd1 Rd7 24. Qh4 $6 Rad8 $1 25. Qxh5
Qg6 $1 26. Qh4 Bf8 $3 27. Qxd8 (27. Qe1 c3 28. Rf2 Qf6 $1 $44) 27... Rxd8 28.
Bxb4 Re8 $1 $11) 20. Nh6+ Kg7 21. g4 $5 {An energetic attacking move, but it
weakens also the white king and gives Black hope for counterplay. White gets a
big advantage playing with pieces:} (21. e5 $5 Nh5 (21... Ng8 $2 22. Nd5 Qc6
23. Nxg8 Rxg8 24. Qh4 $1 $18) 22. Bg5 Qe6 (22... Be6 23. Rd1 Qc6 24. Neg4 $18)
23. Nhg4 Re8 24. Rd1 Bb7 25. Qh4 $40) 21... Bb7 $2 {I think, Caruana was
shocked by his position after the opening, so he makes one mistake after
another. Correct was to develop the bishop in the center.} (21... Be6 $1 22.
Rd1 (22. g5 Nh5 23. Be5+ f6 24. gxf6+ Nxf6 25. Nhg4 Bd4 $1 26. Rd1 Bxe5 27.
Nxe5 Rad8 $11) 22... Ng8 $1 23. Nhf5+ Kh8 24. Qc3+ f6 25. Nd4 b4 26. Qd2 Rad8
27. c3 $14) 22. g5 Nh5 $6 {The best practical chance was to sacrifice the
knight:} (22... Nxe4 $5 23. fxe4 Rae8 $1 (23... Bxe4+ 24. Ng2 $18) 24. Ng2 Rxe4
25. Qg3 $1 (25. Be5+ $6 f6 26. Bxf6+ Rxf6 27. gxf6+ Kxh6 28. Qg3 Qe6 29. Rae1
Bd6 30. Rxe4 Qxe4 31. Qh3+ Kg5 $44) 25... f6 $8 26. Rae1 $1 Bf2 27. Rxe4 Bxg3
28. Re7+ Kh8 29. Bxg3 Qc6 30. Rf2 Qd5 (30... Qc5 31. Rxf6 Qxe7 32. Rxf8+ Qxf8
33. Be5+ $18) 31. h4 $1 $18) 23. Be5+ f6 24. gxf6+ Nxf6 25. Neg4 $2 {Naiditsch
played superbly until this moment. Maybe he has not found the winning move
because he had little time. AIt is aways sad to destroy a beautiful game in
one move. The logical result of this game was obtained after playing the rook.}
(25. Rd1 $1 $18 Bxe3 (25... Qe6 26. Neg4 Be7 27. Qg3 Kh8 (27... Rae8 28. Nf5+
$18) 28. Bxf6+ Bxf6 29. Qxc7 $18) (25... Rae8 26. Rd7+ Kh8 27. Bxf6+ Qxf6 28.
Nhg4 Qxb2 29. Qh4 h5 30. Qg5 $18) 26. Rd7+ Kh8 (26... Kxh6 27. Qh4+ Nh5 28.
Bg7#) 27. Ng4 $1 Bh6 $5 (27... Bg5 28. Nxf6 Rxf6 (28... Bxf6 29. Qh4 h5 30. Qg5
$18) 29. Qg3 $1 h6 30. h4 Qe6 31. Rxc7 $18) 28. Qh4 Bg7 29. Rxg7 $1 Kxg7 30.
Rd1 Qe6 31. Rd7+ Qxd7 32. Bxf6+ Kf7 33. Ne5+ Ke6 34. Nxd7 Kxd7 35. Qxh7+ Kc6
36. Qxg6 $18) 25... Bd4 $1 $14 {Black is OK!} 26. Bxd4 (26. Nxf6 Bxe5 27. Nd7
Qe6 28. Nxf8 Rxf8 29. Ng4 Bxb2 $44) 26... Qxd4 27. Rd1 $1 Qxb2 $6 {A
provocative move!} (27... Qb6 28. Qc3 Bc8 29. Kg2 Bxg4 30. Nxg4 Rad8 $14) 28.
Nxf6 $2 {The obvious move, but now Black can defend his king. A quiet pawn
move allowed the continuing of the attack:} (28. c3 $1 $16 {the black queen is
cut off!} Bc8 $8 29. Nf5+ $3 Bxf5 (29... gxf5 $2 30. Nxf6 Rxf6 31. Rg1+ Rg6 32.
exf5 $1 Rxg1+ (32... Bxf5 33. Qe5+ Kh6 34. Qf4+ Kg7 35. Qxf5 $18) 33. Qxg1+ Kf7
34. f6 $1 Kxf6 35. Qd4+ Kf7 36. Qf4+ Ke6 37. Qxc7 $18) 30. exf5 Rae8 31. Qh4
Qxc3 32. Qh6+ Kg8 33. fxg6 Re7 34. Rc1 $3 Qd4 (34... Qb2 35. Rf2 $1 Qd4 (35...
Qxc1+ 36. Qxc1 Nxg4 37. gxh7+ Kh8 38. Rg2 Ne3 39. Rg3 Rf6 40. Qa1 $18) 36. Rd2
Qb6 37. Rg2 Rg7 38. Ne5 Kh8 39. Rcg1 $18) 35. Rfd1 Qb6 36. Rg1 $1 Rg7 37. Ne5
Kh8 38. gxh7 Ng4 39. Qxb6 cxb6 40. Rxg4 Rxg4 41. fxg4 Rf2 42. a4 Re2 43. Nf3
Re4 44. axb5 axb5 45. h3 b4 46. Nd2 Re3 47. Nxc4 Rxh3+ 48. Kg2 Rc3 49. Rxc3
bxc3 50. Na3 b5 51. Nc2 $18) 28... Qxf6 $15 {So, Naiditsch missed his winning
chance twice. As they say in soccer: If you didn't open the score, your
opponent will do it for you. Now White's initiative is enough for only a few
checks.} 29. Ng4 Qf4 {The only move, but the hand does it automatically.} 30.
Rd7+ Rf7 31. Qc3+ Kg8 32. Rxf7 (32. Rfd1 $5 Raf8 (32... Re8 $6 33. Rd8 $1 Ref8
34. Ne5 $36) 33. Rxf7 Kxf7 {with transition to game.}) 32... Kxf7 33. Rd1 Rf8 {
Mathematically this is not the strongest move.} ({The iron decision consisted
in the following option:} 33... Re8 $1 $19 34. Rd7+ Ke6 $3 {dare a man make
such a move? Perhaps, but only in a friendly blitz game.} 35. Rxh7 Bxe4 36. Kg1
Bxf3 37. Ne3 Kd6 $19) 34. Kg2 Bc8 {It was still not too late to centralize the
king! :)} (34... Ke6 $3 $17) 35. h3 $6 {After this move White is helpless.
Arkady could prepare for a long defence and go to the endgame:} (35. Qe5 $1
Qxe5 36. Nxe5+ {Black has an extra pawn, but realising it is not easy.} Kf6 (
36... Ke6 37. Nc6 Bd7 38. Nb4 Ra8 39. Nd5 Rc8 40. Nf4+ Ke7 41. Nd5+ Kf7 42. Nb6
$1 $11) 37. Rd5 $5 Re8 38. Nc6 Bb7 39. Rc5 Bxc6 40. Rxc6+ Re6 41. Rxc7 Rd6 $15)
35... Kg8 $17 36. e5 $2 {Such moves are usually made in frustration over
missed opportunities.} Qg5 $4 {But why does Caruana pass by an easy win? I
guess it was not his day, too. Even the best chess players have such moments...
} (36... Bxg4 37. hxg4 b4 $1 $19) 37. Qd4 $2 {Obviously the players had little
time.} ({After} 37. Qd2 $1 Qxd2+ 38. Rxd2 {play continues.}) 37... Bb7 $1 $19 {
White can't hold the fort any more.} 38. Kh2 Bxf3 39. Nf6+ Kg7 40. Rg1 Qf5 41.
Kg3 Bc6 42. h4 Rf7 43. Qe3 Re7 44. Ng4 h5 45. Qh6+ Kg8 46. Nf6+ Kf7 47. Qh7+
Ke6 48. Qg8+ Kxe5 49. Re1+ Kd4 {The black king had great difficulties in this
game, but led his army to victory. The final position in the center of the
board is symbolic.} 0-1